Music Quiz

Random Music or Kpop Quiz
Score 0/63 Timer 10:00
0 Plays Today
Group Member % Correct
Miss AMin
96.3%
2NE1CL
88.9%
EXOSuho
88.5%
SHINeeMinho
86.1%
SHINeeKey
85.4%
CNBLUEMinhyuk
85%
InfiniteHoya
84.7%
SistarHyolyn
84.3%
EXOLay
83.2%
InfiniteWoohyun
83%
Girls' GenerationSeohyun
81.3%
Red VelvetIrene
80.2%
MBLAQMir
80%
InfiniteSungyeol
78%
KaraHara
78%
U-KISSKevin
77.8%
B1A4CNU
75.2%
BeastDongwoon
74.3%
AOAJimin
73.6%
A PinkChorong
73.6%
WinnerJinwoo
73.6%
B1A4Jinyoung
72.5%
U-KISSEli
71.7%
CNBLUEJungshin
70.6%
2AMJinwoon
68%
BtoBChangsub
66.2%
After SchoolNana
66%
EXIDLE
65.6%
U-KISSAJ
63.8%
U-KISSKiseop
61.2%
U-KISSHoon
60.3%
F.T. IslandJaejin
55.8%
Group Member % Correct
MamamooSolar
44%
Ladies' CodeAshley
43.1%
ZE:AHyungsik
43.1%
Hello VenusNara
37.8%
Crayon PopSoyul
34.2%
Topp DoggP-Goon
31.2%
RainbowHyunyoung
30.5%
Nine MusesMinha
30.3%
BestieUJi
30.1%
MYNAMESeyong
26.4%
AlphaBatD:elta
26.1%
Topp DoggJenissi
25.7%
Nine MusesHyemi
23.7%
Dal ShabetAh Young
21.8%
AlphaBatE:psilon
21.4%
Dal ShabetWoohee
20.7%
Nine MusesSojin
20.3%
Dal ShabetJiyul
20.1%
100%Rockhyun
20%
AlphaBatF:ie
20%
F.CuzKan
19.4%
RaniaDi
15%
WA$$UPNada
13.5%
SpeedYoohwan
12.2%
Mr.MrDoyeon
10.2%
A-JAXHyojun
9.8%
F.CuzRaehyun
9.8%
Mr.MrChangjae
9.8%
StellarGayoung
7.6%
TahitiMiso
6.3%
TahitiMinjae
3.5%
Remove Ads.
Support Sporcle.
Get the best of Sporcle when you Go Orange. This ad-free experience offers more features, more stats, and more fun while also helping to support Sporcle. Thank you for becoming a member.

You're not logged in!

Compare scores with friends on all Sporcle quizzes.
OR
Log In

Show Comments

Extras

Created Jan 14, 2015ReportNominate
Tags:Kpop Quiz, idol, Korean, Kpop Quiz

Top Quizzes Today


Score Distribution

Your Account Isn't Verified!

In order to create a playlist on Sporcle, you need to verify the email address you used during registration. Go to your Sporcle Settings to finish the process.

Report this User

Report this user for behavior that violates our Community Guidelines.

Details: